| 000 | 00866nam a22002417a 4500 | ||
|---|---|---|---|
| 999 |
_c18226 _d18226 |
||
| 003 | AR-CdUCM | ||
| 008 | 190326b ||||| |||| 00| 0 spa d | ||
| 040 |
_aMUNICIPALIDAD PROVINCIAL DEL CUSCO _cBIBLIOTECA MUNICIPAL DEL CUSCO |
||
| 082 |
_a320.985 / _bP34 |
||
| 100 |
_aPease Garcia, Henry _93185 |
||
| 245 |
_aPerú 1978 : _bCronología politica / |
||
| 260 |
_aLima : _bDESCO, Centro de Estudios y Promoción del Desarrollo, Área de Estudios Políticos, _c1980. |
||
| 300 |
_aXIII 2925 - 3332 paginas : _c21 cm. |
||
| 505 | _aContenido: t.7: Enero 1978-- febrero 1978 -- marzo 1978 -- el estado -- fuerzas sociales... | ||
| 650 |
_aPerú _935 |
||
| 650 |
_aGobierno _92618 |
||
| 650 |
_aHistoria _9136 |
||
| 650 |
_aCronologia _963 |
||
| 650 |
_aRevolución _9844 |
||
| 700 |
_aFilomeno, Alfredo _935249 |
||
| 942 |
_2ddc _cLIBROS |
||
| 945 |
_awnts _d2019-05-13 |
||